| 000 | 01101 a2200217 4500 | ||
|---|---|---|---|
| 003 | Nust | ||
| 005 | 20220803084503.0 | ||
| 010 | _a 83018956 | ||
| 020 | _a0916688453 (pbk.) : | ||
| 040 | _cNust | ||
| 082 | 0 | 0 | _a004.75,RIL |
| 100 | 1 |
_aRiley, Tom, _996372 |
|
| 245 | 1 | 4 |
_aThe computer controller cookbook / _cTom and Kelda Riley. |
| 260 |
_aMorris Plains, N.J. : _bCreative Computing Press, _cc1983. |
||
| 300 |
_axiii, 197 p. : _bill. ; _c28 cm. |
||
| 505 | _aRebuilding Paddles And Joysticks (Page-1), Airplane Wheel (Page-15), Multiple Socket Extension (Page-31), Homebuilt Atari Joysticks (Page-61), Race Car Steering Wheel (Page-75), Super Stick (Page-87), Foot Pedals (Page-99), Converters (Page-109), Sound Pushbutton (Page-121), Desk Switched Outlet Box (Page-129), AC Outlet Controller (Page-137), Construction Notes (Page-145), The Electronics Tutorial (Page-149), Software (Page-177). | ||
| 650 | 0 |
_aComputer games _xAmateurs' manuals. _996373 |
|
| 650 | 0 |
_aComputer input-output equipment _xAmateurs' manuals. _996374 |
|
| 700 | 1 |
_aRiley, Kelda. _996375 |
|
| 942 |
_2ddc _cBK _k004.75,RIL |
||
| 999 |
_c176453 _d176453 |
||